What lessons can ASEAN learn from EU's experience of economic integration? / (ระเบียนเลขที่ 76149)
| 000 -LEADER | |
|---|---|
| fixed length control field | 00713nam a22002057a 4500 |
| 005 - DATE AND TIME OF LATEST TRANSACTION | |
| control field | 20210325214247.0 |
| 008 - FIXED-LENGTH DATA ELEMENTS--GENERAL INFORMATION | |
| fixed length control field | s2014 eng d |
| 040 ## - CATALOGING SOURCE | |
| Original cataloging agency | NALT |
| 041 ## - LANGUAGE CODE | |
| Language code of text/sound track or separate title | eng |
| 050 ## - LIBRARY OF CONGRESS CALL NUMBER | |
| Classification number | HC 441 |
| Item number | K36W 2014 |
| 100 0# - MAIN ENTRY--PERSONAL NAME | |
| Personal name | Kanteera Leelanond |
| 9 (RLIN) | 5941 |
| 245 10 - TITLE STATEMENT | |
| Title | What lessons can ASEAN learn from EU's experience of economic integration? / |
| Statement of responsibility, etc. | Kanteera Leelanond. |
| 260 ## - PUBLICATION, DISTRIBUTION, ETC. | |
| Place of publication, distribution, etc. | Kent, England : |
| Name of publisher, distributor, etc. | University of Kent, |
| Date of publication, distribution, etc. | 2014. |
| 300 ## - PHYSICAL DESCRIPTION | |
| Extent | 33 p. : |
| Other physical details | maps, tables ; |
| Dimensions | 29 cm. |
| 610 24 - SUBJECT ADDED ENTRY--CORPORATE NAME | |
| 9 (RLIN) | 5939 |
| Corporate name or jurisdiction name as entry element | ASEAN |
| General subdivision | Economic integration |
| 610 24 - SUBJECT ADDED ENTRY--CORPORATE NAME | |
| 9 (RLIN) | 5940 |
| Corporate name or jurisdiction name as entry element | European Union |
| General subdivision | Economic integration |
| 850 ## - HOLDING INSTITUTION | |
| Holding institution | NALT |
| 942 ## - ADDED ENTRY ELEMENTS (KOHA) | |
| Koha item type | Research/Thesis |
| Source of classification or shelving scheme | Library of Congress Classification |
| Withdrawn status | Lost status | Source of classification or shelving scheme | Damaged status | Not for loan | Collection code | Home library | Current library | Source of acquisition | Total Checkouts | Full call number | Barcode | Date last seen | Copy number | Price effective from | Koha item type |
|---|---|---|---|---|---|---|---|---|---|---|---|---|---|---|---|
| Library of Congress Classification | ASEAN collection | National Assembly Library of Thailand | National Assembly Library of Thailand | บริจาค | ASEAN Res HC 441 K36W 2014 | 3961202651 | 09/06/2017 | c.1 | 09/06/2017 | Research/Thesis | |||||
| Library of Congress Classification | ASEAN collection | National Assembly Library of Thailand | National Assembly Library of Thailand | บริจาค | ASEAN Res HC 441 K36W 2014 | 3961202648 | 09/06/2017 | c.2 | 09/06/2017 | Research/Thesis |
